Exploring the school leadership landscape changing demands, changing realities
Saved in:
| Main Author: | |
|---|---|
| Format: | Book |
| Language: | English |
| Published: |
Bloomsbury Publisher
2015
|
| Tags: |
Add Tag
No Tags, Be the first to tag this record!
|
MARC
| LEADER | 00000nam a22000007a 4500 | ||
|---|---|---|---|
| 008 | 211020b ||||| |||| 00| 0 eng d | ||
| 020 | |a 9781472506023 | ||
| 100 | |a EARLY, Peter | ||
| 245 | |a Exploring the school leadership landscape |b changing demands, changing realities |c Peter Earley |g XII, 180p. | ||
| 260 | |b Bloomsbury Publisher |c 2015 |h New York |i 696936 |i 696937 |l LB 2900.5 EA7 |m School management and organization |m Educational leadership | ||
| 500 | |a It includes index and illustration | ||
| 942 | |a lcc |c BK |e Adeyeye Y. S. |f 20/10/21 | ||
| 952 | |0 0 |1 0 |2 lcc |4 0 |6 LB29005 E A7 |7 0 |9 3637 |a HOL |b HOL |c LP |d 2021-10-20 |l 0 |o LB 2900 .5 EA7 |p 2021-67373 |r 2021-10-20 00:00:00 |w 2021-10-20 |y BK | ||
| 952 | |0 0 |1 0 |2 lcc |4 0 |6 LB29005 E A7 |7 0 |9 3638 |a HOL |b ED |c LP |d 2021-10-20 |l 0 |o LB 2900 .5 EA7 |p 2021-67374 |r 2021-10-20 00:00:00 |w 2021-10-20 |y BK | ||
| 999 | |c 1803 |d 1803 | ||